অত্যাচারিতের শিক্ষা / (Record no. 112043)
[ view plain ]
| 000 -LEADER | |
|---|---|
| fixed length control field | 00800nam a22001937a 4500 |
| 003 - CONTROL NUMBER IDENTIFIER | |
| control field | BD-ChCU |
| 005 - DATE AND TIME OF LATEST TRANSACTION | |
| control field | 20260405113436.0 |
| 008 - FIXED-LENGTH DATA ELEMENTS--GENERAL INFORMATION | |
| fixed length control field | 260405b bg ||||| |||| 00| 0 ben d |
| 020 ## - INTERNATIONAL STANDARD BOOK NUMBER | |
| International Standard Book Number | 9789849408499 |
| 040 ## - CATALOGING SOURCE | |
| Transcribing agency | BD-ChCU |
| 082 ## - DEWEY DECIMAL CLASSIFICATION NUMBER | |
| Edition number | 22 |
| Classification number | ৩৭০.১১৫ ফ্রেই ১ অ |
| 100 ## - MAIN ENTRY--PERSONAL NAME | |
| Personal name | ফ্রেইরী, পাওলো |
| 9 (RLIN) | 21147 |
| 245 ## - TITLE STATEMENT | |
| Title | অত্যাচারিতের শিক্ষা / |
| Statement of responsibility, etc. | পাওলো ফ্রেইরী |
| 260 ## - PUBLICATION, DISTRIBUTION, ETC. | |
| Place of publication, distribution, etc. | ঢাকা : |
| Name of publisher, distributor, etc. | পাঠক সমাবেশ, |
| Date of publication, distribution, etc. | ২০২০ |
| 300 ## - PHYSICAL DESCRIPTION | |
| Extent | ২৭৫পৃ. : |
| Dimensions | ২২ সেমি |
| 650 #0 - SUBJECT ADDED ENTRY--TOPICAL TERM | |
| Topical term or geographic name entry element | সমালোচেনামূলক শিক্ষা |
| 9 (RLIN) | 21149 |
| 700 ## - ADDED ENTRY--PERSONAL NAME | |
| Personal name | ভূইয়া,আমিনুল ইসলাম |
| Relator term | অনুবাদক |
| 9 (RLIN) | 21151 |
| 942 ## - ADDED ENTRY ELEMENTS (KOHA) | |
| Source of classification or shelving scheme | Dewey Decimal Classification |
| Koha item type | Books |
| Suppress in OPAC | No |
| Withdrawn status | Lost status | Source of classification or shelving scheme | Damaged status | Not for loan | Home library | Current library | Shelving location | Date acquired | Source of acquisition | Total Checkouts | Full call number | Barcode | Date last seen | Copy number | Price effective from | Koha item type |
|---|---|---|---|---|---|---|---|---|---|---|---|---|---|---|---|---|
| Dewey Decimal Classification | Chittagong University Library | Chittagong University Library | Arts and Humanities Reading Room | 04/05/2026 | ক্রয়কৃত | ৩৭০.১১৫ ফ্রেই ১ অ | 334756 | 04/05/2026 | ক-১ | 04/05/2026 | Books | |||||
| Dewey Decimal Classification | Chittagong University Library | Chittagong University Library | Arts and Humanities Reading Room | 04/05/2026 | ক্রয়কৃত | ৩৭০.১১৫ ফ্রেই ১ অ | 334757 | 04/05/2026 | ক-২ | 04/05/2026 | Books | |||||
| Dewey Decimal Classification | Chittagong University Library | Chittagong University Library | Arts and Humanities Reading Room | 04/05/2026 | ক্রয়কৃত | ৩৭০.১১৫ ফ্রেই ১ অ | 334758 | 04/05/2026 | ক-৩ | 04/05/2026 | Books | |||||
| Dewey Decimal Classification | Chittagong University Library | Chittagong University Library | Arts and Humanities Reading Room | 04/05/2026 | ক্রয়কৃত | ৩৭০.১১৫ ফ্রেই ১ অ | 334759 | 04/05/2026 | ক-৪ | 04/05/2026 | Books |